000 00816nas a2200277 4500
001 BR0304524
003 BR-BrBNA
005 20231205104043.0
007 ta
008 230509b bl.|||p| |||| 00| 00por d
040 _aBR-BrBNA
_bpor
_cBiblioteca Nacional de Agricultura
041 _a(Pt)
072 _af03
100 1 _aAlmeida, C. de
100 1 _aRocha, S.C. dos S.
245 1 _aFluidodinâmica de sementes de brócolos em leito fluidizado e leito de jorro
650 _aBROCOLO
650 _aSEMENTE
650 _aGERMINAÇÃO
650 _aFLUIDODINÂMICA
650 _aSECAGEM
650 _aTRATAMENTO DE SEMENTE
773 0 _tScientia Agrícola (Brazil)
_xISSN 0103-9016
_g(Oct-Dec 2002), v. 59(4) p. 645-652
_wBR0304524
909 _a202311
_bLúcia
_c55
_dLúcia Elande
942 _2AGRIS
_n0
_cANA
999 _c176096
_d176096